Wie kommt der Allgemeinarzt zur Diagnose
| Main Author: | |
|---|---|
| Format: | Print Article |
| Language: | German |
| Published: |
1988
|
| In: |
Deutsches Ärzteblatt <Köln>
Year: 1988, Volume: 85, Issue: 46, Pages: 3252-3257 |
| Availability in Tübingen: | Present in Tübingen. IFK: 4853 |
| Check availability: | HBZ Gateway |
| Keywords: |
MARC
| LEADER | 00000caa a22000002c 4500 | ||
|---|---|---|---|
| 001 | 1630802808 | ||
| 003 | DE-627 | ||
| 005 | 20220607123122.0 | ||
| 007 | tu | ||
| 008 | 120402s1988 xx ||||| 00| ||ger c | ||
| 035 | |a (DE-627)1630802808 | ||
| 035 | |a (DE-576)362977984 | ||
| 035 | |a (DE-599)BSZ362977984 | ||
| 040 | |a DE-627 |b ger |c DE-627 |e rakwb | ||
| 041 | |a ger | ||
| 100 | 1 | |a Flachsbart, Friedrich |d 1953- |0 (DE-588)120667614 |0 (DE-627)080817777 |0 (DE-576)29232992X |4 aut | |
| 109 | |a Flachsbart, Friedrich 1953- | ||
| 245 | 1 | 0 | |a Wie kommt der Allgemeinarzt zur Diagnose |c Friedrich Flachsbart |
| 264 | 1 | |c 1988 | |
| 336 | |a Text |b txt |2 rdacontent | ||
| 337 | |a ohne Hilfsmittel zu benutzen |b n |2 rdamedia | ||
| 338 | |a Band |b nc |2 rdacarrier | ||
| 773 | 0 | 8 | |i In |t Deutsches Ärzteblatt <Köln> |d Köln : Dt. Ärzte-Verl., 1964 |g 85(1988), 46, Seite 3252-3257 |w (DE-627)129305855 |w (DE-600)124216-7 |w (DE-576)014501678 |7 nnas |
| 773 | 1 | 8 | |g volume:85 |g year:1988 |g number:46 |g pages:3252-3257 |
| 951 | |a AR | ||
| ELC | |b 1 | ||
| LOK | |0 000 xxxxxcx a22 zn 4500 | ||
| LOK | |0 001 3280745276 | ||
| LOK | |0 003 DE-627 | ||
| LOK | |0 004 1630802808 | ||
| LOK | |0 005 20130628143407 | ||
| LOK | |0 008 120402||||||||||||||||ger||||||| | ||
| LOK | |0 040 |a DE-21-110 |c DE-627 |d DE-21-110 | ||
| LOK | |0 689 |a s |a Erfahrungswissenschaft | ||
| LOK | |0 689 |a s |a Empirie | ||
| LOK | |0 689 |a s |a Erfahrung | ||
| LOK | |0 689 |a s |a Diagnostik | ||
| LOK | |0 852 |a DE-21-110 | ||
| LOK | |0 852 1 |c 4853 |m p |9 00 | ||
| LOK | |0 935 |a k110 | ||
| LOK | |0 938 |k p | ||
| LOK | |0 939 |a 02-04-12 |b l01 | ||
| ORI | |a SA-MARC-krimdoka001.raw | ||
| SIG | |a IFK: 4853 | ||
